000 005020000a22001810004500
003 MACL
005 20151212152019.0
008 151212b xxu||||| |||| 00| 0 eng d
040 _aMACL
_cMACL
041 _aHindi
082 _a741.642
100 _aलीला मजुूमदार
_919976
245 _aबडा पानी
260 _bनेशनल बुक टस्‍ट
_c1972
350 _a1.50
650 _aचिल्‍डन बुक
_9314
942 _cHIN
_k741.642
_2ddc
999 _c22750
_d22750